| 000 | 00922nam a22002417a 4500 | ||
|---|---|---|---|
| 999 |
_c63398 _d63398 |
||
| 005 | 20240530110638.0 | ||
| 008 | 171004s2016 ua g b | 000 0 ara d | ||
| 017 |
_a2015/9999 _bمصر. دار الكتب |
||
| 020 | _a9789777531771 | ||
| 040 |
_aEG-CaGPL _cEG-CaGPL |
||
| 082 | 0 | 4 |
_221 _a658.4052 / _bم أ |
| 100 | 0 | _aمحى الدين اسماعيل محمد الديهى | |
| 245 |
_aاستراتيجيات التفاوض و تكتيكاتة / _cمحى الدين اسماعيل محمد الديهى |
||
| 250 | _aط. 1 | ||
| 260 |
_aالاسكندرية : _bمكتبة الوفاء القانونية ، _c2016. |
||
| 300 |
_a627 ص. ؛ _c24 سم. |
||
| 504 | _aيشتمل على ارجاعات ببليوجرافية | ||
| 650 | 0 | 7 |
_2qrmak _aالمفاوضات |
| 650 | 0 | 7 |
_2qrmak _aالواساطة |
| 650 | 0 | 7 |
_2qrmak _aالمناقشات |
| 942 |
_2ddc _cBK |
||